00395nam a22001217a 4500008004100000020001500041082001700056100002100073245011400094260003200208300001400240600001900254230605b xxu||||| |||| 00| 0 eng d a9966918175 a333.936bKAR cStephen Karekezi aSustainable Energy in AfricabCogeneration and Geothermal in the East and Horn of Africa Status and Prospects aNairobibAfrepren/fwdc2005 a258 pages cWaeni Kithyoma